LEADER 01385nlm 2200265 450 001 996462952603316 005 20220405145049.0 100 $a20140604h2014---- uy 0 101 0 $aeng 102 $aUS 135 $adrcnu 200 1 $aPython forensics$ea workbench for inventing and sharing digital forensic technology$fChet Hosmer 210 1 $aWaltham$cSyngress$d2014 215 $aTesto elettronico (PDF) (318 p.) 230 $aBase dati testuale 330 $aPython Forensics fornisce molti moduli, librerie e soluzioni forensi collaudati mai pubblicati prima che possono essere utilizzati immediatamente. Inoltre, istruzioni dettagliate e documentazione fornite con gli esempi di codice consentiranno anche ai programmatori Python inesperti di aggiungere i propri colpi di scena o utilizzare i modelli presentati per costruire nuove soluzioni. Il rapido sviluppo di nuovi strumenti di indagine sulla criminalità informatica è un ingrediente essenziale praticamente in ogni caso e ambiente. Sia che tu stia eseguendo indagini post mortem, eseguendo triage dal vivo, estraendo prove da dispositivi mobili 606 0 $aLinguaggi di programmazione [:] Python$2BNCF 676 $a005.133 700 1$aHOSMER,$bChet$0865893 801 0$aIT$bcba$cREICAT 912 $a996462952603316 959 $aEB 969 $aER 996 $aPython forensics$92806832 997 $aUNISA LEADER 03826nam 22006375 450 001 9910337633703321 005 20251113202534.0 010 $a3-030-11650-6 024 7 $a10.1007/978-3-030-11650-7 035 $a(CKB)4100000007656541 035 $a(DE-He213)978-3-030-11650-7 035 $a(MiAaPQ)EBC5717920 035 $a(PPN)235005320 035 $a(EXLCZ)994100000007656541 100 $a20190219d2019 u| 0 101 0 $aeng 135 $aurnn|008mamaa 181 $ctxt$2rdacontent 182 $cc$2rdamedia 183 $acr$2rdacarrier 200 10$aComputational Continuum Mechanics of Nanoscopic Structures $eNonlocal Elasticity Approaches /$fby Esmaeal Ghavanloo, Hashem Rafii-Tabar, Seyed Ahmad Fazelzadeh 205 $a1st ed. 2019. 210 1$aCham :$cSpringer International Publishing :$cImprint: Springer,$d2019. 215 $a1 online resource (XVII, 275 p. 98 illus., 13 illus. in color.) 225 1 $aSpringer Tracts in Mechanical Engineering,$x2195-9870 311 08$a3-030-11649-2 327 $aFrom the content: Fundamental tenets of nanomechanics -- Fundamental notions from classical continuum mechanics -- Essential concepts from nonlocal elasticity theory -- Nonlocal modelling of nanoscopic structures -- Elastic properties of carbon-based nanoscopic structures. 330 $aThis book offers a comprehensive treatment of nonlocal elasticity theory as applied to the prediction of the mechanical characteristics of various types of biological and non-biological nanoscopic structures with different morphologies and functional behaviour. It combines fundamental notions and advanced concepts, covering both the theory of nonlocal elasticity and the mechanics of nanoscopic structures and systems. By reporting on recent findings and discussing future challenges, the book seeks to foster the application of nonlocal elasticity based approaches to the emerging fields of nanoscience and nanotechnology. It is a self-contained guide, and covers all relevant background information, the requisite mathematical and computational techniques, theoretical assumptions, physical methods and possible limitations of the nonlocal approach, including some practical applications. Mainly written for researchers in the fields of physics, biophysics, mechanics, and nanoscience, as well as computational engineers, the book can also be used as a reference guide for senior undergraduate and graduate students, as well as practicing engineers working in a range of areas, such as computational condensed matter physics, computational materials science, computational nanoscience and nanotechnology, and nanomechanics. 410 0$aSpringer Tracts in Mechanical Engineering,$x2195-9870 606 $aMechanics, Applied 606 $aSolids 606 $aNanotechnology 606 $aMathematical physics 606 $aBiotechnology 606 $aSolid Mechanics 606 $aNanotechnology 606 $aTheoretical, Mathematical and Computational Physics 606 $aBiotechnology 615 0$aMechanics, Applied. 615 0$aSolids. 615 0$aNanotechnology. 615 0$aMathematical physics. 615 0$aBiotechnology. 615 14$aSolid Mechanics. 615 24$aNanotechnology. 615 24$aTheoretical, Mathematical and Computational Physics. 615 24$aBiotechnology. 676 $a531 676 $a530.14 700 $aGhavanloo$b Esmaeal$4aut$4http://id.loc.gov/vocabulary/relators/aut$0897255 702 $aRafii-Tabar$b Hashem$4aut$4http://id.loc.gov/vocabulary/relators/aut 702 $aFazelzadeh$b Seyed Ahmad$4aut$4http://id.loc.gov/vocabulary/relators/aut 906 $aBOOK 912 $a9910337633703321 996 $aComputational Continuum Mechanics of Nanoscopic Structures$92004575 997 $aUNINA